000 00585nam a22002057a 4500
003 OSt
005 20160517155844.0
008 160517b xxu||||| |||| 00| 0 eng d
020 _a971-086-383-5
040 _cLIC
082 _22003
_aDFil 160
_bM29e
100 _98429
_aMalitao, Arnel L.
245 _aEssential logic/
_cArnel L. Malitao.
260 _aMandaluyong City:
_bNational Book Store,
_cc2003.
300 _axvi, 266 pages:
_billustrations;
_c23 cm.
365 _b312.20
_cPhp
500 _aIncludes bibliographical references.
650 0 _98430
_aLogic
942 _2ddc
_cDFIL
999 _c2550
_d2550